header

The resolution of African conflicts (Record no. 5520)

MARC details
000 -LEADER
fixed length control field 01993nam a2200421Ia 4500
001 - CONTROL NUMBER
control field ebr10276632
003 - CONTROL NUMBER IDENTIFIER
control field CaPaEBR
006 - FIXED-LENGTH DATA ELEMENTS--ADDITIONAL MATERIAL CHARACTERISTICS--GENERAL INFORMATION
fixed length control field m u
007 - PHYSICAL DESCRIPTION FIXED FIELD--GENERAL INFORMATION
fixed length control field cr cn|||||||||
008 - FIXED-LENGTH DATA ELEMENTS--GENERAL INFORMATION
fixed length control field 080320s2008 et a sb 001 0 eng d
010 ## - LIBRARY OF CONGRESS CONTROL NUMBER
Canceled/invalid LC control number 2008435183
020 ## - INTERNATIONAL STANDARD BOOK NUMBER
Cancelled/invalid ISBN 9781847013033
Cancelled/invalid ISBN 1847013031
Cancelled/invalid ISBN 9781847013026
Cancelled/invalid ISBN 1847013023
Cancelled/invalid ISBN 9780821418086
Cancelled/invalid ISBN 0821418084
Cancelled/invalid ISBN 9781868884933
Cancelled/invalid ISBN 1868884937
040 ## - CATALOGING SOURCE
Original cataloging agency CaPaEBR
Transcribing agency CaPaEBR
035 ## - SYSTEM CONTROL NUMBER
System control number (OCoLC)463189849
050 14 - LIBRARY OF CONGRESS CALL NUMBER
Classification number JZ5584.A35
Item number R47 2008eb
245 04 - TITLE STATEMENT
Title The resolution of African conflicts
Medium [electronic resource] :
Remainder of title the management of conflict resolution & post-conflict reconstruction /
Statement of responsibility, etc edited by Alfred Nhema & Paul Tiyambe Zeleza.
260 ## - PUBLICATION, DISTRIBUTION, ETC. (IMPRINT)
Place of publication, distribution, etc Addis Ababa :
Name of publisher, distributor, etc Ossrea ;
Place of publication, distribution, etc Oxford :
Name of publisher, distributor, etc James Currey ;
Place of publication, distribution, etc Athens, OH :
Name of publisher, distributor, etc Ohio University Press ;
Place of publication, distribution, etc Pretoria :
Name of publisher, distributor, etc Unisa Press,
Date of publication, distribution, etc 2008.
300 ## - PHYSICAL DESCRIPTION
Extent xv, 207 p. :
Other physical details ill.
500 ## - GENERAL NOTE
General note Book is an outcome of the OSSREA's Research Programme on African Conflicts that sponsored an international conference "African Conflicts: Management, Resolution, Post-Conflict Recovery and Development" held in Addis Ababa, Ethiopia, November 29 to December 1, 2004.
504 ## - BIBLIOGRAPHY, ETC. NOTE
Bibliography, etc Includes bibliographical references and index.
533 ## - REPRODUCTION NOTE
Type of reproduction Electronic reproduction.
Place of reproduction Palo Alto, Calif. :
Agency responsible for reproduction ebrary,
Date of reproduction 2013.
Note about reproduction Available via World Wide Web.
-- Access may be limited to ebrary affiliated libraries.
650 #0 - SUBJECT ADDED ENTRY--TOPICAL TERM
Topical term or geographic name as entry element Conflict management
Geographic subdivision Africa.
Topical term or geographic name as entry element Postwar reconstruction
Geographic subdivision Africa.
Topical term or geographic name as entry element Peace-building
Geographic subdivision Africa.
655 #7 - INDEX TERM--GENRE/FORM
Genre/form data or focus term Electronic books.
Source of term local
700 1# - ADDED ENTRY--PERSONAL NAME
Personal name Nhema, Alfred G.
Personal name Zeleza, Tiyambe,
Dates associated with a name 1955-
710 2# - ADDED ENTRY--CORPORATE NAME
Corporate name or jurisdiction name as entry element ebrary, Inc.
711 2# - ADDED ENTRY--MEETING NAME
Meeting name or jurisdiction name as entry element African Conflicts: Management, Resolution, Post-Conflict Recovery and Development
Date of meeting (2004 :
Location of meeting Addis Ababa, Ethiopia)
856 40 - ELECTRONIC LOCATION AND ACCESS
Uniform Resource Identifier <a href="http://site.ebrary.com/lib/rucke/Doc?id=10276632">http://site.ebrary.com/lib/rucke/Doc?id=10276632</a>
Public note An electronic book accessible through the World Wide Web; click to view

No items available.

© 2026 Rongo University
Contact us: librarian | system librarian | Rongo university